Tanchin hoih Johan gelh Hilhchetna Bung 1-10 / (Record no. 3684)
[ view plain ]
| 000 -LEADER | |
|---|---|
| fixed length control field | 00567nam a2200181Ia 4500 |
| 003 - CONTROL NUMBER IDENTIFIER | |
| control field | GBCCL |
| 005 - DATE AND TIME OF LATEST TRANSACTION | |
| control field | 20241126110500.0 |
| 008 - FIXED-LENGTH DATA ELEMENTS--GENERAL INFORMATION | |
| fixed length control field | 171201b xxu||||| |||| 00| 0 eng d |
| 040 ## - CATALOGING SOURCE | |
| Transcribing agency | gbc |
| 082 ## - DEWEY DECIMAL CLASSIFICATION NUMBER | |
| Classification number | VER 226.507 |
| Item number | LAN |
| 100 ## - MAIN ENTRY--PERSONAL NAME | |
| Personal name | Langzakham, Sonna |
| 9 (RLIN) | 7300 |
| 245 ## - TITLE STATEMENT | |
| Title | Tanchin hoih Johan gelh Hilhchetna Bung 1-10 / |
| Statement of responsibility, etc. | Sonna Langzakham |
| 260 ## - PUBLICATION, DISTRIBUTION, ETC. | |
| Name of publisher, distributor, etc. | Evangelical Baptist Convention, |
| Place of publication, distribution, etc. | New Lamka: |
| Date of publication, distribution, etc. | 2016 |
| 300 ## - PHYSICAL DESCRIPTION | |
| Extent | 160p.; |
| Dimensions | 23 cm. |
| 440 ## - SERIES STATEMENT/ADDED ENTRY--TITLE | |
| Title | Saptuam' Laisiangthou Hilhchetna |
| 9 (RLIN) | 7247 |
| 650 ## - SUBJECT ADDED ENTRY--TOPICAL TERM | |
| Topical term or geographic name entry element | Bible |
| Form subdivision | New Testament |
| -- | John |
| General subdivision | Commentary |
| 9 (RLIN) | 7301 |
| 942 ## - ADDED ENTRY ELEMENTS (KOHA) | |
| Source of classification or shelving scheme | Dewey Decimal Classification |
| Koha item type | Books |
| Koha issues (borrowed), all copies | 6 |
| Withdrawn status | Lost status | Source of classification or shelving scheme | Damaged status | Not for loan | Collection | Home library | Current Library | Shelving location | Date acquired | Total checkouts | Full call number | Barcode | Date last seen | Date last checked out | Copy number | Price effective from | Koha item type | Total renewals |
|---|---|---|---|---|---|---|---|---|---|---|---|---|---|---|---|---|---|---|
| Dewey Decimal Classification | GRACE BIBLE COLLEGE | GRACE BIBLE COLLEGE | Vernacular | 2017-12-01 | 2 | VER 226.507 LAN | 013109 | 2025-05-01 | 2023-11-21 | c.1 | 2017-12-01 | Books | ||||||
| Dewey Decimal Classification | GRACE BIBLE COLLEGE | GRACE BIBLE COLLEGE | Vernacular | 2018-09-20 | 3 | VER 226.507 LAN | 013606 | 2025-05-01 | 2023-01-16 | c.2 | 2018-09-20 | Books | 1 | |||||
| Dewey Decimal Classification | GRACE BIBLE COLLEGE | GRACE BIBLE COLLEGE | Vernacular | 2019-02-07 | 1 | VER 226.507 LAN | 013624 | 2025-05-01 | 2023-11-21 | c.3 | 2019-02-07 | Books |